| 000 | 00547nam a2200181 i 4500 | ||
|---|---|---|---|
| 001 | 29536 | ||
| 003 | ES-MaACL | ||
| 005 | 20230906154041.0 | ||
| 007 | t| | ||
| 008 | 030122s1917 xxk ||||1| eng d | ||
| 100 | 1 |
_aBarker, W. H. _925684 |
|
| 245 | 1 | 0 |
_aWest African folk-tales / _ccollected and arranged by W. H. Barker and Cecilia Sinclair. |
| 260 |
_aLondon : _bGeorge G. Harrap & Comp., _c1917. |
||
| 300 |
_a183 p. ; _c25 cm. |
||
| 650 | 4 |
_aCuentos africanos. _9167356 |
|
| 700 | 1 |
_aSinclair, Cecilia. _9106608 |
|
| 852 |
_aES-MaACL _jC-1508 |
||
| 999 |
_c29536 _d29536 |
||